Normal view
MARC view
- Petras, James F.,
Entry Nombre Personal
001 - NUMERO DE CONTROL
- campo de control: 39151
003 - IDENTIFICADOR DE NUMERO DE CONTROL
- campo de control: MX-MxUPN
005 - FECHA Y HORA DE LA ÜLTIMA TRANSACCIÓN
- campo de control: 20220216111456.0
008 - DATOS DE LONGITUD FIJA
- campo de control de longitud fija: nabaccnnaabn|||||||||| b |nc|||||d
035 ## - NUMERO DE CONTROL
- Número de control: UPN11000011258
040 ## - FUENTE DE CATALOGACIÓN
- Agencia original de catalogación: MX-MxUPN
- Lenguaje de catalogación: spa
- Agencia de transcripción: MX-MxUPN
100 1# - ENCABEZAMIENTO - NOMBRE PERSONAL
- Nombre personal: Petras, James F.,
- Fechas asociadas con el nombre: 1937-
400 1# - VEÁSE - NOMBRE DE PERSONA
- Personal name: Petras, James,
- Dates associated with a name: 1937-
670 ## - FUENTE EN LA QUE SE LOCALIZARON DATOS
- Cita de la fuente: Biblioteca del Congreso, Catálogo de autoridades, 16 de febrero del 2022:
- Información localizada: encabezamiento (Petras, James F.,1937-)
670 ## - FUENTE EN LA QUE SE LOCALIZARON DATOS
- Cita de la fuente: Extractivismo y simulacro progresista en Bolivia y Latinoamérica, 2013:
- Información localizada: portada (James Petras)
902 ## - CATALOGADOR
- Catalogador: CAA/051016
